Parlament del senyor Josep Puig i Cadafalch en l'acte de la inauguració de la biblioteca popular de la Mancomunitat de Catalunya en la vila de Vendrell, 17 octubre 1920 / (Record no. 122690)

MARC details
000 -LEADER
campo de control de longitud fija 00986nam a2200241 i 4500
001 - NÚMERO DE CONTROL
campo de control 122690
003 - IDENTIFICADOR DE NÚMERO DE CONTROL
campo de control ES-MaACL
005 - FECHA Y HORA DE LA ÚLTIMA TRANSACCIÓN
campo de control 20250702105600.0
007 - CAMPO FIJO DE DESCRIPCIÓN FÍSICA--INFORMACIÓN GENERAL
campo de control de longitud fija t|
008 - DATOS DE LONGITUD FIJA--INFORMACIÓN GENERAL
campo de control de longitud fija 070214q1920 sp |||| | cat d
100 1# - ENTRADA PRINCIPAL--NOMBRE DE PERSONA
Nombre de persona Puig i Cadafalch, Josep.
9 (RLIN) 94266
245 10 - MENCIÓN DEL TÍTULO
Título Parlament del senyor Josep Puig i Cadafalch en l'acte de la inauguració de la biblioteca popular de la Mancomunitat de Catalunya en la vila de Vendrell, 17 octubre 1920 /
Mención de responsabilidad, etc. Josep Puig i Cadafalch.
260 ## - PUBLICACIÓN, DISTRIBUCIÓN, ETC.
Lugar de publicación, distribución, etc. [Barcelona :
Nombre del editor, distribuidor, etc. J.P. i Cadafalch,
Fecha de publicación, distribución, etc. 1920?]
300 ## - DESCRIPCIÓN FÍSICA
Extensión 13 p. ;
Dimensiones 30 cm.
530 ## - NOTA DISPONIBLE DE FORMULARIO FÍSICO ADICIONAL
Nota de formato físico adicional disponible Disponible en formato digital.
597 ## - NOTA DE DESCRIPCIÓN FÍSICA
NOTA DE DESCRIPCIÓN FÍSICA Escrito a máquina.
610 24 - PUNTO DE ACCESO ADICIONAL DE MATERIA--NOMBRE DE ENTIDAD CORPORATIVA
Nombre de entidad corporativa o nombre de jurisdicción como elemento de entrada Ateneo de Madrid-
Subdivisión de forma Obras digitalizadas.
9 (RLIN) 1930
650 #7 - PUNTO DE ACCESO ADICIONAL DE MATERIA--TÉRMINO DE MATERIA
Término de materia o nombre geográfico como elemento de entrada Enseñanza-
Subdivisión geográfica Cataluña
9 (RLIN) 144805
852 ## - LOCALIZACIÓN
Ubicación ES-MaACL
Número de control de estantería 1602-F-26
Ubicación en estantería Depósito folletos
856 4# - LOCALIZACIÓN Y ACCESO ELECTRÓNICOS
Identificador Uniforme de Recursos <a href="www.ateneodemadrid.com/Biblioteca/Novedades/Novedades-Coleccion-Digital/Parlament-del-senyor-Puig-y-Cadafalch">www.ateneodemadrid.com/Biblioteca/Novedades/Novedades-Coleccion-Digital/Parlament-del-senyor-Puig-y-Cadafalch</a>
Nota pública Texto en linea
942 ## - ELEMENTOS DE ENTRADA SECUNDARIOS (KOHA)
Fuente del sistema de clasificación o colocación Clasificación decimal universal
Holdings
Estatus retirado Estado de pérdida Estado de daño No para préstamo Colección Biblioteca de origen Biblioteca actual Ubicación en estantería Fecha de adquisición Fuente de adquisición Total de préstamos Signatura topográfica completa Código de barras Visto por última vez Precio de reemplazo Tipo de ítem Koha
        Colección de folletos Biblioteca del Ateneo de Madrid Biblioteca del Ateneo de Madrid Depósito folletos 17/01/2008     1602-F-26 1127844 23/02/2023 23/02/2023 Folleto